Statistics for Category Elimination - Asian Geography

Click here to take the quiz!

General Stats

  • This quiz has been taken 18,638 times
  • The average score is 15 of 20

Answer Stats

Group # Category % Correct
Green48Countries of Asia
100%
Green23... with at least 20 million people
100%
Green20... which are not landlocked
99%
Green4... that end in "ia"
96%
Yellow48Capital Cities of Asia
94%
Yellow17... containing the letter E
92%
Blue48Countries of Asia (by Flag)
88%
Blue21... which have green on them
86%
Pink96Countries or Capitals of Asia
84%
Pink38... which contain the letter S
83%
Pink18... have 8 or fewer letters in their name
77%
Green1... with fewer than 7 letters in its nameIndia
76%
Blue7... have black on them
72%
Yellow6... which are south of the Tropic of Cancer
67%
Yellow3... with only one word in their name
60%
Yellow1... and over 50% of the country's populationSingapore
48%
Blue2... have at least one star on them
47%
Pink5... of which both the capital and country is landlocked
46%
Blue1... and have a red stripeSyria
39%
Pink1... and aren't a "-stan" country, or a capital of oneLaos
38%

Score Distribution

Percentile by Number Answered

Percent of People with Each Score

Your Score History

You have not taken this quiz